[Event "Werder IM-Turnier 2018"]
[Site "Bremen"]
[Date "2018.06.17"]
[Round "1"]
[White "Grabarczyk, Miroslaw"]
[Black "Skliarov, Viktor"]
[Result "1/2-1/2"]
[WhiteElo "2402"]
[BlackElo "2359"]
[Annotator "TA"]
[PlyCount "87"]
[EventDate "2018.06.16"]
[EventType "tourn"]
[EventCountry "GER"]
[SourceTitle "playchess.com"]
[Source "ChessBase"]
[SourceQuality "1"]

{[%evp 18,87,20,6,19,19,21,18,12,4,43,36,44,38,56,41,59,41,41,37,41,41,41,41,41,40,37,39,39,34,66,60,34,35,47,45,62,20,6,15,28,12,8,0,0,0,0,0,25,39,40,16,16,16,15,8,8,8,10,10,21,9,15,0,0,0,0,0,0,0,7,0]} 1. d4 Nf6 2. c4 e6 3. Nf3 b6 4. g3 Bb7 5. Bg2 Be7 6. O-O O-O 7. Nc3 Ne4 8. Bd2 f5 9. Rc1 Bf6 {E18: Damenindisch (Hauptfortsetzung)} 10. Qc2 {LiveBook: 3 Partien} (10. Be1 Nxc3 11. Bxc3 Be4 12. Re1 d6 13. Bf1 Bb7 14. Qc2 Nd7 15. Nd2 e5 16. d5 g6 17. e3 {1-0 (65) Rychagov,A (2534)-Korotylev,A (2573) Moscow 2017}) 10... Nxc3 11. Bxc3 Be4 12. Qd2 d5 $146 ({Vorgänger:} 12... d6 13. Rfd1 Qe7 14. Ne1 Bxg2 15. Nxg2 Nd7 16. Qd3 c6 17. e4 fxe4 18. Qxe4 {1-0 (40) Molina,R (2376)-Gazel Pereira,F (2275) Belo Horizonte 2010}) 13. b3 c6 14. Rfd1 a5 15. e3 Qd7 16. Qe2 (16. h4 {is interesting.} Qc7 17. Ne1 Nd7 18. Nd3 Rfe8 19. Nf4) 16... Na6 {[%cal Bb8a6,Ba6c7,Bc7e8,Be8d6,Bd6e4][%mdl 32]} 17. Bf1 {Und weiter mit Se5 wäre nett.} Bxf3 18. Qxf3 Nc7 19. Qe2 a4 20. Qc2 axb3 21. axb3 Rfc8 22. Ra1 Ne8 23. Rdc1 Nd6 24. Rxa8 Rxa8 25. Bb4 Ne4 26. cxd5 cxd5 27. Qc6 Qxc6 28. Rxc6 Ra2 29. Rc8+ Kf7 30. Bb5 {[#] Droht Matt per Le8+.} Kg6 $1 31. Be1 Ra1 {zielt auf ...Sd6 ab.} 32. Kf1 Nd2+ 33. Ke2 Nxb3 34. Rc6 Rb1 {Droht ...Sxd4+! und aus.Die Stellung ist ausgeglichen.} 35. Rxb6 {Schwarz sollte Le8+ verhindern.} Bxd4 36. Rxe6+ Kf7 $132 {[%mdl 2048] Schwarz puts up resistance} 37. Rc6 {Und Ld3 würde nun gewinnen.} Bf6 38. Ba6 d4 39. Bc4+ Ke8 40. Bxb3 Rxb3 41. exd4 Bxd4 42. Rc4 Bf6 43. Bd2 Kf7 44. h4 {Precision: Weiß = 56%, Schwarz = 59%.} 1/2-1/2

[Event "Werder IM-Turnier 2018"]
[Site "Bremen"]
[Date "2018.06.17"]
[Round "1"]
[White "Reuker, Jari"]
[Black "Ahlander, Bjorn"]
[Result "0-1"]
[WhiteElo "2389"]
[BlackElo "2435"]
[Annotator "TA"]
[PlyCount "112"]
[EventDate "2018.06.16"]
[EventType "tourn"]
[EventCountry "GER"]
[SourceTitle "playchess.com"]
[Source "ChessBase"]
[SourceQuality "1"]

{[%evp 26,112,11,7,19,0,0,0,0,0,0,0,0,0,0,-60,-47,-43,-45,-159,-138,-215,-171,-161,-126,-142,-134,-138,-107,-158,-147,-243,-153,-139,-107,-369,-361,-492,-487,-544,-553,-541,-424,-552,-547,-552,-552,-532,-533,-496,-339,-477,0,-418,-372,-393,-389,-382,-358,-458,-372,-381,-304,-335,0,-364,-300,-639,-635,-5297,-2328,-29976,-29977,-29976,-29978,-29977,-29978,-29978,-29975,-29976,-29977,-29977,-29977,-29979,-29978,-29981,-29976,-29984,-29984]} 1. d4 Nf6 2. c4 e6 3. Nc3 d5 4. cxd5 Nxd5 5. e4 Nxc3 6. bxc3 c5 7. Nf3 cxd4 8. cxd4 Bb4+ 9. Bd2 Bxd2+ 10. Qxd2 O-O 11. Bc4 Nd7 12. O-O b6 13. Rad1 Bb7 14. Rfe1 {[#] LiveBook: 184 Games} Re8 $146 {D41: Queen's Gambit Declined: Semi-Tarrasch with 5 cxd5} ({Predecessor:} 14... Rc8 15. Bb3 Re8 16. h3 Nf6 17. Qf4 Nh5 18. Qe5 Nf6 19. Qf4 Nh5 20. Qh2 h6 21. d5 exd5 22. exd5 Rxe1+ 23. Nxe1 {½-½ (57) So,W (2799)-Kramnik,V (2800) Berlin 2018}) 15. Qf4 Rc8 16. Bb5 {[#] aiming for Ne5.} Re7 {The position is equal.} 17. Rc1 Rxc1 18. Rxc1 {Black must now prevent Qc7.} Nf6 19. Bd3 h6 20. e5 (20. g3 $11) 20... Nd5 21. Qe4 {Threatening mate with Qh7+.} g6 22. Qg4 (22. Qh4 $15) 22... Rc7 $17 23. Re1 (23. Rc4 $17 {might work better.}) 23... Kg7 24. Be4 Qe7 25. h4 h5 26. Qg3 Rc3 27. Rd1 ({Better is} 27. Qg5 Qxg5 28. Nxg5) 27... b5 28. Rd3 (28. Rb1 $17 {was worth a try.} b4 29. Kh2) 28... Rxd3 29. Bxd3 Qa3 30. Ng5 $2 {[%mdl 8192]} (30. Bxb5 $17 Qxa2 31. Kh2) 30... Qc1+ $19 31. Kh2 Nf4 32. Bxb5 Bxg2 {[%csl Gg2][%cal Rc1h1]} 33. Qe3 Qh1+ 34. Kg3 Nd5 35. Qd2 Qg1 {( -> ...Bh1+)} 36. Nh3 Bxh3+ $1 37. Kxh3 Qh1+ 38. Kg3 Qg1+ 39. Kh3 Qg4+ 40. Kh2 Qxh4+ 41. Kg1 Qg4+ 42. Kf1 Qe4 43. Bc6 Qh1+ 44. Ke2 Qe4+ 45. Kf1 Qf3 46. Ke1 $2 (46. Bxd5 Qxd5 47. Kg1) 46... h4 {[%cal Bh5h4,Bh4h3][%mdl 32]} 47. Bxd5 exd5 {[%cal Be6d5,Bd5e4][%mdl 4128] Endgame KQ-KQ} 48. Qg5 {[#]} h3 $1 {[%cal Rh3h2] Black mates.} 49. Qh4 Qe4+ 50. Qxe4 dxe4 {KP-KP} 51. Kf1 g5 {[%cal Bg6g5,Bg5g4][%mdl 32]} 52. d5 Kf8 53. Kg1 g4 54. Kh2 Ke7 55. Kg3 f6 56. e6 Kd6 {Precision: White = 21%, Black = 59%.} 0-1

[Event "Werder IM-Turnier 2018"]
[Site "Bremen"]
[Date "2018.06.17"]
[Round "1"]
[White "Molchanov, Oleksii"]
[Black "Grigorian, Spartak"]
[Result "1/2-1/2"]
[WhiteElo "2350"]
[BlackElo "2359"]
[Annotator "RC"]
[PlyCount "99"]
[EventDate "2018.06.16"]
[EventType "tourn"]
[EventCountry "GER"]
[SourceTitle "playchess.com"]
[Source "ChessBase"]
[SourceQuality "1"]
[TimeControl "40/5400+30:1800+30"]

1. Nf3 {[%emt 0:00:00]} d5 {[%emt 0:00:08]} 2. e3 {[%emt 0:00:05]} Nf6 {[%emt 0:00:18]} 3. c4 {[%emt 0:00:14]} e6 {[%emt 0:00:11]} 4. b3 {[%emt 0:00:34]} c5 {[%emt 0:01:08]} 5. Bb2 {[%emt 0:02:25]} Nc6 {[%emt 0:01:03]} 6. cxd5 {[%emt 0:01:37]} exd5 {[%emt 0:00:03]} 7. Be2 {[%emt 0:01:00]} Bd6 {[%emt 0:05:43]} 8. Nc3 {[%emt 0:02:43]} O-O {[%emt 0:03:38]} 9. d4 {[%emt 0:01:47]} cxd4 {[%emt 0:06:01]} 10. Nxd4 {[%emt 0:00:29]} Re8 {[%emt 0:00:29]} 11. O-O {[%emt 0:02:59]} Nxd4 {[%emt 0:27:27]} 12. Qxd4 {[%emt 0:00:29]} Be5 {[%emt 0:00:05]} 13. Qd3 {[%emt 0:08:26]} Ne4 {[%emt 0:07:07]} 14. Rad1 {[%emt 0:20:38]} Bf5 {[%emt 0:06:48]} 15. Nxe4 {[%emt 0:03:58]} Bxe4 {[%emt 0:03:30]} 16. Qd2 {[%emt 0:00:33]} Bxh2+ {[%emt 0:13:55]} 17. Kxh2 {[%emt 0:01:04]} Qh4+ {[%emt 0:00:09]} 18. Kg1 {[%emt 0:00:07]} Bxg2 {[%emt 0:00:34]} 19. Kxg2 {[%emt 0:19:45]} Re6 {[%emt 0:00:13]} 20. Rh1 {[%emt 0:00:33]} Rg6+ {[%emt 0:01:33]} 21. Bg4 {[%emt 0:00:11]} Qxg4+ {[%emt 0:02:41]} 22. Kf1 {[%emt 0:01:09]} Rc8 {[%emt 0:06:10]} 23. Ke1 {[%emt 0:05:41]} Rg5 {[%emt 0:02:31]} 24. Qd4 {[%emt 0:03:05]} Qg2 {[%emt 0:03:32]} 25. Qh4 {[%emt 0:01:39]} h6 {[%emt 0:00:02]} 26. Rf1 {[%emt 0:06:28]} Rc2 {[%emt 0:00:38]} 27. Bc1 {[%emt 0:03:37]} Rxa2 {[%emt 0:05:54]} 28. Bd2 {[%emt 0:00:07]} d4 {[%emt 0:01:18]} 29. Qxd4 {[%emt 0:01:26]} Rd5 {[%emt 0:00:02]} 30. Qc4 {[%emt 0:02:47]} b5 {[%emt 0:01:09]} 31. Qe2 {[%emt 0:01:14]} Qe4 {[%emt 0:00:49]} 32. f3 {[%emt 0:00:58]} Qc2 {[%emt 0:00:17]} 33. e4 {[%emt 0:02:57]} Rd3 {[%emt 0:00:17]} 34. e5 {[%emt 0:00:51]} Qxb3 {[%emt 0:00:25]} 35. Qe4 {[%emt 0:01:07]} Raxd2 {[%emt 0:00:29]} 36. Qa8+ {[%emt 0:02:33]} Kh7 {[%emt 0:00:01]} 37. Rxd2 {[%emt 0:01:26]} Qb1+ {[%emt 0:00:05]} 38. Ke2 {[%emt 0:00:10]} Rxd2+ {[%emt 0:00:03]} 39. Kxd2 {[%emt 0:00:05]} Qxf1 {[%emt 0:00:03]} 40. Qe4+ {[%emt 0:00:45]} Kh8 {[%emt 0:31:12]} 41. Qa8+ {[%emt 0:03:36]} Kh7 {[%emt 0:00:00]} 42. Qe4+ {[%emt 0:00:04]} g6 {[%emt 0:00:00]} 43. e6 {[%emt 0:00:48]} Qf2+ {[%emt 0:00:00]} 44. Kd3 {[%emt 0:01:14]} fxe6 {[%emt 0:00:00]} 45. Qb7+ {[%emt 0:00:29]} Kg8 {[%emt 0:00:00]} 46. Qc8+ {[%emt 0:01:00]} Kf7 {[%emt 0:00:00]} 47. Qc7+ {[%emt 0:00:11]} Ke8 {[%emt 0:00:00]} 48. Qc8+ {[%emt 0:00:09]} Ke7 {[%emt 0:00:00]} 49. Qc7+ {[%emt 0:00:05]} Kf6 {[%emt 0:00:00]} 50. Qf4+ {[%emt 0:00:05] Ke5 [%clk 0:00:00] Ke4+ [%clk 0:00:00]} 1/2-1/2

[Event "Werder IM-Turnier 2018"]
[Site "Bremen"]
[Date "2018.06.17"]
[Round "1"]
[White "Wachinger, Nikolas"]
[Black "Charmeteau, Sven"]
[Result "1-0"]
[WhiteElo "2292"]
[BlackElo "2287"]
[Annotator "TA"]
[PlyCount "53"]
[EventDate "2018.06.16"]
[EventType "tourn"]
[EventCountry "GER"]
[SourceTitle "playchess.com"]
[Source "ChessBase"]
[SourceQuality "1"]

{[%evp 13,53,27,73,-55,25,10,126,110,132,118,198,197,220,239,304,257,285,289,342,334,338,329,305,316,354,352,299,191,197,196,381,280,253,200,200,189,364,98,277,275,1268,692]} 1. e4 c5 2. Nc3 a6 3. g3 b5 4. Bg2 Bb7 5. d3 e6 6. f4 d5 7. f5 {B23: Closed Sicilian: Lines without g3} (7. exd5 exd5 8. Nf3 Nf6 9. O-O Be7 10. Nh4 Qd7 11. f5 h6 12. Bf4 Nc6 13. Qd2 O-O-O 14. a3 Rhe8 {0-1 (55) Andriasian,Z (2631)-Zhigalko,S (2664) Martuni 2013}) 7... b4 {LiveBook: 3 Games} 8. Nce2 (8. fxe6 $1 $16 {[%cal Rc3d5]} bxc3 9. exf7+ Kxf7 10. Nf3) 8... dxe4 $146 (8... exf5 $15 9. exf5 Nd7) ({Predecessor:} 8... exf5 9. e5 Nc6 10. Nf3 Qd7 11. O-O Nd8 12. c3 Ne6 13. d4 g6 14. cxb4 cxb4 {1-0 (57) Ringoir,T (2406)-Savchenko,V (2429) Dortmund 2009}) 9. fxe6 $11 {White has an edge.} f5 (9... fxe6 $11 10. Nh3 Nf6) 10. Nh3 $16 Be7 11. O-O g6 (11... Nf6 $16) 12. Nf2 $1 $18 Nf6 13. Bh6 Qb6 14. Bg7 Rg8 {Hoping for ...exd3.} 15. Bxf6 $1 Bxf6 16. dxe4 Bxb2 17. Rb1 {[%cal Ba1b1,Bb1d1,Bd1d7][%mdl 32]} Be5 18. exf5 Bxg2 19. Kxg2 gxf5 20. Nf4 Bxf4 {[#]} 21. Qh5+ $1 Kd8 $2 (21... Rg6) 22. Rbd1+ (22. e7+ Kc7 $18) 22... Kc8 23. Qxf5 Bc7 24. Ne4 {[%mdl 1024] White has strong compensation.} Kb7 $2 (24... Re8 {is a better defense.}) 25. e7 $2 (25. Nxc5+ Ka7 $11) (25. Qxh7 $18 Qc6 26. Rf7) 25... Nc6 $2 {[#]} (25... Re8 $16) 26. Rd7 $1 (26. Nxc5+ Ka7 $11) 26... Nd4 $2 (26... Nxe7 27. Rxe7 Rge8 28. Qd5+ (28. Qxh7 Rxe7 29. Qxe7 Qc6 $18) (28. Nxc5+ Ka7 $18) (28. Qxc5 Qxc5 29. Nxc5+ Kc6 $16) 28... Ka7) 27. Nxc5+ {Precision: White = 47%, Black = 19%.} 1-0

[Event "Werder IM-Turnier 2018"]
[Site "Bremen"]
[Date "2018.06.17"]
[Round "1"]
[White "Kardoeus, David"]
[Black "Osmanodja, Filiz"]
[Result "0-1"]
[WhiteElo "2226"]
[BlackElo "2352"]
[Annotator "TA"]
[PlyCount "56"]
[EventDate "2018.06.16"]
[EventType "tourn"]
[EventCountry "GER"]
[SourceTitle "playchess.com"]
[Source "ChessBase"]
[SourceQuality "1"]

{[%evp 20,56,57,47,68,75,70,36,46,2,58,72,80,74,119,52,46,0,-6,-65,-67,-50,-39,-71,-41,-133,-130,-135,-133,-464,-462,-456,-458,-573,-569,-633,-627,-686,-674]} 1. e4 c5 2. Nf3 d6 3. d4 cxd4 4. Nxd4 Nf6 5. Nc3 Nc6 6. Bg5 e6 7. Qd2 Be7 8. O-O-O O-O 9. h4 Nxd4 10. Qxd4 Qa5 11. Kb1 Bd7 {B63: Sicilian: Richter-Rauzer: 7...Be7 and unusual Black 7th moves} (11... a6 12. Qd2 b6 13. Rh3 Bb7 14. a3 Qc5 15. h5 Rfe8 16. h6 Rac8 17. Be3 Qa5 18. hxg7 Nxe4 19. Nxe4 Bxe4 {0-1 (53) Santos Ruiz,M (2484)-Nakamura,H (2785) Caleta 2017}) 12. Qd2 Kh8 13. f4 $146 {And now e5! would win.} ({Predecessor:} 13. f3 b5 14. g4 Rab8 15. Be3 b4 16. Ne2 e5 17. h5 Be6 18. Nc1 Rfd8 19. g5 {1-0 (37) Schiffer,K (2234)-Plukkel,S (2298) Germany 2014}) 13... Bc6 {White is slightly better.} 14. Rh3 Rfd8 (14... Nxe4 $11 15. Nxe4 Qxd2 16. Nxd2 (16. Rxd2 f6 $15) 16... f6) 15. Bd3 $14 Rac8 16. Qe2 e5 {[#]} 17. Bc4 (17. Rf3 $1 $16) 17... exf4 $1 18. Bxf4 ({White should try} 18. Nd5 $14 Re8 19. Bxf4) 18... Bd7 $11 19. Bxf7 (19. Rg3 $11) 19... Bxh3 $15 20. gxh3 Rf8 21. Be6 Rce8 (21... Rxc3 $5 22. bxc3 Qxc3 $17) 22. Nd5 ({Better is} 22. Bg3 $15) 22... Nxd5 $17 23. Rxd5 Qa6 $36 {[%mdl 2048] Black is really pushing.} 24. Qh5 $2 {[%mdl 8192]} (24. Qg4 $17) 24... Rxf4 $19 {Black is clearly winning.} 25. Qxe8+ Rf8 26. Qh5 {[#]} g6 $1 {[%cal Rg6h5]} 27. Qg4 Rf1+ 28. Rd1 h5 {Precision: White = 23%, Black = 73%.} 0-1

[Event "Werder IM-Turnier 2018"]
[Site "Bremen"]
[Date "2018.06.17"]
[Round "2"]
[White "Ahlander, Bjorn"]
[Black "Grabarczyk, Miroslaw"]
[Result "1/2-1/2"]
[WhiteElo "2435"]
[BlackElo "2402"]
[Annotator "TA"]
[PlyCount "46"]
[EventDate "2018.06.16"]
[EventType "tourn"]
[EventCountry "GER"]
[SourceTitle "playchess.com"]
[Source "ChessBase"]
[SourceQuality "1"]

{[%evp 24,46,45,41,70,47,85,84,89,89,89,88,89,89,89,89,82,37,37,39,43,38,41,32,28]} 1. d4 d5 2. c4 e6 3. Nc3 Nf6 4. cxd5 exd5 5. Bg5 c6 6. e3 Bf5 7. Qf3 Bg6 8. Bxf6 Qxf6 9. Qxf6 gxf6 10. Nf3 {[%cal Bg1f3,Bf3h4,Bh4g2,Bg2f4][%mdl 32]} Nd7 {D35: Queen's Gambit Declined: Exchange Variation} 11. Nh4 Be7 12. Ne2 (12. g3 Nb6 13. O-O-O Nc8 14. Bd3 Nd6 15. Ne2 a5 16. a4 Bxd3 17. Rxd3 f5 18. Ng2 {½-½ (55) Volkov,S (2612)-Grachev,B (2653) Serpukhov 2018}) 12... f5 13. g3 {LiveBook: 7 Games} Nf8 14. Ng2 h5 $146 ({Predecessor:} 14... Ne6 15. h4 h5 16. Ngf4 Bd6 17. Bg2 Ke7 18. Bf3 {½-½ (56) Tomaszewski,K (2221)-Grabarczyk,M (2422) Szklarska Poreba 2017}) 15. h4 Nd7 16. Ngf4 Nf6 17. Nd3 a5 18. Nef4 Bd6 19. Be2 Ke7 20. f3 Nd7 {White is slightly better.} 21. Kf2 Kf6 22. Rhc1 Ra7 23. a4 Re8 {Precision: White = 67%, Black = 68%.} 1/2-1/2

[Event "Werder IM-Turnier 2018"]
[Site "Bremen"]
[Date "2018.06.17"]
[Round "2"]
[White "Grigorian, Spartak"]
[Black "Skliarov, Viktor"]
[Result "1/2-1/2"]
[WhiteElo "2359"]
[BlackElo "2359"]
[Annotator "TA"]
[PlyCount "78"]
[EventDate "2018.06.16"]
[EventType "tourn"]
[EventCountry "GER"]
[SourceTitle "playchess.com"]
[Source "ChessBase"]
[SourceQuality "1"]

{[%evp 25,78,0,0,0,0,0,9,0,18,26,41,18,39,50,53,37,40,44,56,50,87,93,82,87,60,0,0,0,0,0,0,0,35,0,0,0,66,8,70,68,121,18,27,0,101,0,0,0,0,0,0,0,0,0,0]} 1. e4 c5 2. Nc3 Nc6 3. Bb5 Nd4 4. Bc4 g6 5. Nf3 Bg7 6. Nxd4 cxd4 7. Qf3 Nh6 8. Ne2 O-O 9. d3 Ng4 {B23: Sizilianisch (Geschlossenes System)} 10. Bb3 d6 11. Qg3 a5 (11... Qa5+ 12. Bd2 Qe5 13. Nf4 Nf6 14. h4 Nh5 15. Nxh5 Qxh5 16. Bg5 Be5 17. f4 {1-0 (30) Martinez Duany,L (2509)-Kurayan,R (2374) Rochefort 2018}) 12. a4 Qb6 13. h4 h5 {LiveBook: 4 Partien} 14. f3 Ne5 15. Nf4 e6 16. O-O Bd7 17. Qh3 Bh6 $146 18. g4 ({Jedoch nicht} 18. Nxg6 $2 Bxc1 19. Nxf8 (19. Ne7+ $2 Kh8 $19) 19... Be3+ 20. Kh1 Kxf8 $19) 18... Bxf4 19. Bxf4 {gxh5 ist eine echte Drohung.} Nxd3 20. cxd3 e5 $1 21. Bc4 {Und weiter mit Lh6 wäre nett.} exf4 22. Qh2 $1 Qd8 23. gxh5 Kg7 24. Qxf4 Qe7 25. Rf2 ({Besser ist} 25. h6+ $14 Kh7 26. Kg2) 25... Rh8 $1 $11 {[%cal Rh8h5]} 26. hxg6 fxg6 27. Qg5 Qxg5+ 28. hxg5 Rh5 29. Rg2 Rf8 30. Rg3 Rfh8 (30... Rf4 $11) 31. Kf2 $14 Rh2+ (31... Rf8 $11) 32. Rg2 R2h3 {[#]} (32... R8h5 $14) 33. Ke2 (33. b4 $1 $16) 33... Rh2 $11 34. Kf2 $36 {[%mdl 2048] Weiss kämpft um Vorteil.} (34. Rf2 $11) 34... R2h3 $1 $16 {[#]} 35. Rc1 (35. b4 $1 $16) 35... Rf8 $11 {Die Stellung ist ausgeglichen.} 36. Rg3 {Und Txh3 würde nun gewinnen.} Rh2+ 37. Rg2 Rh3 38. Rg3 {zielt auf Txh3 ab.} Rh2+ 39. Rg2 Rh3 {Precision: Weiß = 62%, Schwarz = 63%.} 1/2-1/2

[Event "Werder IM-Turnier 2018"]
[Site "Bremen"]
[Date "2018.06.17"]
[Round "2"]
[White "Osmanodja, Filiz"]
[Black "Wachinger, Nikolas"]
[Result "0-1"]
[WhiteElo "2352"]
[BlackElo "2292"]
[Annotator "TA"]
[PlyCount "60"]
[EventDate "2018.06.16"]
[EventType "tourn"]
[EventCountry "GER"]
[SourceTitle "playchess.com"]
[Source "ChessBase"]
[SourceQuality "1"]

{[%evp 25,60,0,-4,-4,2,-8,-4,-4,17,13,10,-22,0,-21,-5,-18,0,2,8,10,17,0,0,0,0,0,0,-429,20,15,9,-551,-536,-697,-704,-703,-691]} 1. e4 c5 2. Nf3 a6 3. Nc3 e6 4. d4 cxd4 5. Nxd4 b5 {[%cal Bb7b5,Bb5b4][%mdl 32]} 6. Bd3 d6 7. O-O Nf6 8. a4 b4 9. Na2 e5 {B42: Sizilianisch (Paulsen-Variante)} 10. Nb3 (10. Nf3 Nc6 11. c3 bxc3 12. Nxc3 Be7 13. Bg5 Be6 14. Qe2 Nb4 15. Bc4 Qc8 16. Bxe6 Qxe6 17. Rfd1 {1-0 (26) Wang,H (2729)-Svidler,P (2753) Dubai 2014}) 10... Nc6 11. c3 bxc3 12. Nxc3 Be6 13. Bg5 Be7 {[%cal Bf8e7,Be7f6,Bf6g5][%mdl 32] LiveBook: 3 Partien} 14. Nd2 O-O 15. Bxf6 Bxf6 16. Bc4 {[#]} Nd4 $146 ({Vorgänger:} 16... Bg5 17. Bd5 {0-1 (65) Valmana Canto,J (2284)-Zhang,P (2622) San Sebastian 2006}) 17. Nd5 Bg5 18. a5 Rb8 19. Ra2 Qc8 20. b3 Bxd5 21. Bxd5 Bxd2 22. Qxd2 Qc5 23. Qd3 Rb5 $36 {[%mdl 2048] Schwarz hat Initiative.} 24. Rfa1 Rfb8 {[%cal Rd4b3]} 25. Bc4 Rb4 {[%cal Rd4b3]} 26. Rc1 $2 {[%mdl 8192] [#]} (26. Rd1 $11 {und Weiss steht sicher.}) 26... Nxb3 $2 {[#]} ({Besser ist} 26... d5 $1 $19 27. exd5 Nxb3) 27. Bxf7+ $1 $11 {[%mdl 512]} Kh8 $1 (27... Kxf7 28. Rxc5) 28. Rd1 $2 {[%mdl 8192]} (28. Rxc5 $11 {und Weiss muss sich keine Sorgen machen.} Nxc5 29. Qf1) 28... Nc1 $19 {Schwarz steht klar auf Gewinn.} 29. Qxa6 {Droht stark Tad2.} Nxa2 30. Bxa2 Rb2 {Precision: Weiß = 38%, Schwarz = 39%.} 0-1

[Event "Werder IM-Turnier 2018"]
[Site "Bremen"]
[Date "2018.06.17"]
[Round "2"]
[White "Molchanov, Oleksii"]
[Black "Kardoeus, David"]
[Result "1-0"]
[WhiteElo "2350"]
[BlackElo "2226"]
[Annotator "TA"]
[PlyCount "81"]
[EventDate "2018.06.16"]
[EventType "tourn"]
[EventCountry "GER"]
[SourceTitle "playchess.com"]
[Source "ChessBase"]
[SourceQuality "1"]

{[%evp 16,81,27,34,35,35,35,34,36,37,58,26,33,9,66,43,60,61,115,107,78,28,31,37,25,37,25,0,0,0,0,-14,-14,-14,-21,-11,0,-7,34,-59,23,0,0,0,0,0,4,6,52,0,0,0,0,0,198,184,202,214,573,575,829,813,1127,1139,1370,1200,1510,1089]} 1. c4 Nf6 2. g3 g6 3. Bg2 Bg7 4. Nc3 d6 5. e4 e5 6. Nge2 c5 7. d3 Nc6 8. O-O O-O 9. a3 {LiveBook: 9 Games. A36: Symmetrical English vs ...g6: 4 Bg2 Bg7} Bd7 10. Rb1 Nd4 11. b4 {White is slightly better.} b6 12. h3 $146 ({Predecessor:} 12. Kh1 Qc8 13. Bd2 Bh3 14. Nxd4 Bxg2+ 15. Kxg2 cxd4 16. Nd5 {½-½ (40) Wirthensohn,H (2385)-Yanofsky,D (2430) Haifa 1976}) 12... Nh5 13. Kh2 Rc8 14. Nd5 Qe8 (14... Nf6 $11) 15. Nxd4 cxd4 16. b5 f5 {[#]} (16... Be6 $14) 17. exf5 $1 $16 gxf5 18. f4 Kh8 19. Bf3 Nf6 20. Nxf6 Bxf6 21. Qe2 e4 22. dxe4 fxe4 23. Qxe4 Rxc4 {Strongly threatening ...Qxe4.} 24. Bd2 Bxb5 25. Rfe1 {Qd5 is the strong threat.} Qxe4 26. Bxe4 Bd7 27. Bb4 (27. Bd3 $14 Rcc8 28. g4) 27... Ba4 (27... Rfc8 $1 $15) 28. Rbc1 (28. g4 {seems wilder.} Bc2 29. Bxc2 Rxc2+ 30. Kg3 Kg8 31. g5) 28... Rxc1 29. Rxc1 Re8 30. Bd3 d5 31. g4 Be7 32. Bd2 (32. Rc7 $14 Bxb4 33. Rxh7+ (33. axb4 h6 $14) 33... Kg8 34. axb4) 32... Bd6 $11 33. g5 a6 34. Kg3 b5 $2 (34... Bd7 $11 {and Black has nothing to worry.}) 35. Rc6 $18 Bxa3 36. Rxa6 Bb2 $2 {[#]} (36... Bc5 37. f5 Kg8) 37. f5 $1 {[%cal Bf4f5,Bf5f6][%mdl 32] White is clearly winning.} Bc3 38. Bf4 Be1+ 39. Kg2 Kg8 40. f6 Bc2 41. Bxc2 {Precision: White = 55%, Black = 28%.} 1-0

[Event "Werder IM-Turnier 2018"]
[Site "Bremen"]
[Date "2018.06.17"]
[Round "2"]
[White "Charmeteau, Sven"]
[Black "Reuker, Jari"]
[Result "0-1"]
[WhiteElo "2287"]
[BlackElo "2389"]
[Annotator "ChessBase"]
[PlyCount "76"]
[EventDate "2018.06.16"]
[EventType "tourn"]
[EventCountry "GER"]
[SourceTitle "playchess.com"]
[Source "ChessBase"]
[SourceQuality "1"]
[TimeControl "40/5400+30:1800+30"]

1. e4 {[%emt 0:02:01]} e5 {[%emt 0:00:11]} 2. Nf3 {[%emt 0:00:11]} Nc6 {[%emt 0:00:07]} 3. d4 {[%emt 0:00:09]} exd4 {[%emt 0:00:09]} 4. Nxd4 {[%emt 0:00:07]} Nf6 {[%emt 0:00:04]} 5. Nxc6 {[%emt 0:00:08]} bxc6 {[%emt 0:00:07]} 6. e5 {[%emt 0:00:07]} Nd5 {[%emt 0:00:06]} 7. c4 {[%emt 0:03:36]} Nb6 {[%emt 0:00:07]} 8. Bd3 {[%emt 0:00:31]} g6 {[%emt 0:06:47]} 9. Nc3 {[%emt 0:10:09]} Bg7 {[%emt 0:01:47]} 10. Bf4 {[%emt 0:09:42]} O-O {[%emt 0:05:56]} 11. O-O {[%emt 0:00:54]} d5 {[%emt 0:05:52]} 12. exd6 {[%emt 0:05:06]} Bxc3 {[%emt 0:12:48]} 13. bxc3 {[%emt 0:00:23]} cxd6 {[%emt 0:00:22]} 14. Be4 {[%emt 0:01:21]} d5 {[%emt 0:02:22]} 15. cxd5 {[%emt 0:00:50]} cxd5 {[%emt 0:00:47]} 16. Bf3 {[%emt 0:03:08]} Qf6 {[%emt 0:02:22]} 17. Qc1 {[%emt 0:11:16]} Re8 {[%emt 0:07:58]} 18. Be3 {[%emt 0:02:38]} Qd6 {[%emt 0:01:43]} 19. Bd4 {[%emt 0:07:14]} Nc4 {[%emt 0:07:12]} 20. Qh6 {[%emt 0:15:37]} Ne5 {[%emt 0:03:29]} 21. Rfe1 {[%emt 0:00:15]} f6 {[%emt 0:03:23]} 22. Bd1 {[%emt 0:05:53]} Bf5 {[%emt 0:04:03]} 23. Qh4 {[%emt 0:04:33]} Re6 {[%emt 0:05:44]} 24. Bb3 {[%emt 0:10:12]} Rae8 {[%emt 0:04:44]} 25. Re3 {[%emt 0:00:45]} Ng4 {[%emt 0:06:44]} 26. Rxe6 {[%emt 0:00:06]} Qxe6 {[%emt 0:00:35]} 27. f3 {[%emt 0:00:13]} Ne5 {[%emt 0:00:38]} 28. Bxa7 {[%emt 0:01:52]} Nd3 {[%emt 0:09:03]} 29. g4 {[%emt 0:03:53]} Qf7 {[%emt 0:03:26]} 30. Bd4 {[%emt 0:00:24]} g5 {[%emt 0:00:34]} 31. Qh6 {[%emt 0:00:44]} Bg6 {[%emt 0:00:20]} 32. h4 {[%emt 0:00:07]} Ne1 {[%emt 0:02:09]} 33. Rxe1 {[%emt 0:01:44]} Rxe1+ {[%emt 0:00:06]} 34. Kf2 {[%emt 0:00:16]} Rh1 {[%emt 0:01:34]} 35. h5 {[%emt 0:00:39]} Qe6 {[%emt 0:01:06]} 36. Kg2 {[%emt 0:00:25]} Be4 {[%emt 0:03:07]} 37. Qxf6 {[%emt 0:00:43]} Qxg4+ {[%emt 0:00:10]} 38. Kf2 {[%emt 0:00:09]} Qg1+ {[%emt 0:00:15]} 0-1